City to U.S. State - Tile Select #1 - Statistics

General Stats
  • This quiz has been taken 30 times
  • The average score is 69 of 80
Answer Stats
Question Tile Select % Correct
Florida Charleston No
100%
Florida Cleveland No
100%
Florida Columbia No
100%
Florida Columbus No
100%
California El Paso No
100%
North Carolina Helena No
100%
Florida Lansing No
100%
North Carolina Memphis No
100%
Florida Miami Yes
100%
North Carolina Nashville No
100%
North Carolina Omaha No
100%
Florida Orlando Yes
100%
California Phoenix No
100%
North Carolina Raleigh Yes
100%
California San Antonio No
100%
California San Diego Yes
100%
California San Francisco Yes
100%
California Santa Fe No
100%
Florida Tampa Yes
100%
California Tijuana No
100%
Missouri Wichita No
100%
California Bakersfield Yes
96%
North Carolina Chattanooga No
96%
Florida Daytona Beach Yes
96%
North Carolina Durham Yes
96%
Florida Fort Lauderdale Yes
96%
California Fresno Yes
96%
Florida Havana No
96%
Florida Jackson No
96%
Florida Jacksonville Yes
96%
California Las Vegas No
96%
North Carolina Lexington No
96%
California Los Angeles Yes
96%
California Mesa No
96%
Florida Mobile No
96%
North Carolina Richmond No
96%
California San Jose Yes
96%
Missouri St. Louis Yes
96%
Florida Tallahassee Yes
96%
Missouri Topeka No
96%
Missouri Tulsa No
96%
Missouri Worcester No
96%
North Carolina Asheville Yes
93%
Vermont Burlington Yes
93%
California Corpus Christi No
93%
Missouri Enid No
93%
North Carolina Norfolk No
93%
North Carolina Charlotte Yes
89%
Missouri Jefferson City Yes
89%
Missouri Jonesboro No
89%
Missouri Kansas City Yes
89%
Vermont Kennebunkport No
89%
Vermont Lewiston No
89%
Vermont Montpelier Yes
89%
California Riverside Yes
89%
Florida St. Petersburg Yes
89%
Vermont Bristol No
85%
Missouri Independence Yes
85%
North Carolina Greensboro Yes
81%
Vermont Hampton No
81%
Vermont Ogunquit No
81%
Missouri Springdale No
81%
Vermont Cranston No
78%
Missouri Joplin Yes
78%
Vermont Keene No
78%
Missouri Lawton No
78%
Missouri Branson Yes
74%
California Eureka Yes
74%
Missouri Springfield Yes
74%
North Carolina Wilmington Yes
74%
Vermont Derry No
70%
North Carolina Kitty Hawk Yes
67%
North Carolina Fayetteville Yes
63%
Vermont Brattleboro Yes
48%
Missouri Ozark Yes
48%
Vermont Bennington Yes
44%
Vermont Williston Yes
33%
Vermont Colchester Yes
30%
Vermont Essex Yes
26%
Vermont Milton Yes
19%
No matching quizzes found
Score Distribution
Percent of People with Each Score
Percentile by Number Answered
Your Score History
You have not taken this quiz